UM Logo

State civil society : (Record no. 20324)

MARC details
000 -LEADER
fixed length control field 00694nam a22001817a 4500
008 - FIXED-LENGTH DATA ELEMENTS--GENERAL INFORMATION
fixed length control field 240529b ||||| |||| 00| 0 eng d
020 ## - INTERNATIONAL STANDARD BOOK NUMBER
International Standard Book Number 9711911116X
082 ## - DEWEY DECIMAL CLASSIFICATION NUMBER
Classification number DFil 321.809599
Item number P53w 1997
245 ## - TITLE STATEMENT
Title State civil society :
Remainder of title relations in policy-making /
Statement of responsibility, etc. edited by Marlon A. Wui and Glenda S. Lopez.
260 ## - PUBLICATION, DISTRIBUTION, ETC. (IMPRINT)
Place of publication, distribution, etc. Quezon City :
Name of publisher, distributor, etc. Third World Studies Center,
Date of publication, distribution, etc. ©1997.
300 ## - PHYSICAL DESCRIPTION
Extent 299 pages :
Other physical details illustrations ;
Dimensions 25 cm.
440 ## - SERIES STATEMENT/ADDED ENTRY--TITLE
Title Philippine democracy agenda : volume 2.
9 (RLIN) 57366
500 ## - GENERAL NOTE
General note Includes index.
650 ## - SUBJECT ADDED ENTRY--TOPICAL TERM
Topical term or geographic name as entry element Civil society
Geographic subdivision Philippines.
9 (RLIN) 57364
650 ## - SUBJECT ADDED ENTRY--TOPICAL TERM
Topical term or geographic name as entry element Democracy
Geographic subdivision Philippines.
9 (RLIN) 57365
700 ## - ADDED ENTRY--PERSONAL NAME
Personal name Lopez, Ma. Glenda S.
Relator term editor.
9 (RLIN) 57329
942 ## - ADDED ENTRY ELEMENTS (KOHA)
Source of classification or shelving scheme Dewey Decimal Classification
Koha item type Filipiniana
Holdings
Withdrawn status Lost status Source of classification or shelving scheme Damaged status Not for loan Collection code Home library Current library Shelving location Date acquired Source of acquisition Total Checkouts Full call number Barcode Date last seen Date last checked out Price effective from Koha item type
    Dewey Decimal Classification     Filipiniana UM Digos College - LIC UM Digos College - LIC Book Cart 03/23/2004 Purchased 3 DFil 321.809599 P53w 1997 16844 11/03/2025 10/29/2025 05/29/2024 Filipiniana